000 00303nam a22001457a 4500
008 230524b ||||| |||| 00| 0 eng d
020 _a3035862
041 _aFRA
080 _a82
082 _a82MAU
100 _a38
101 _aGJL
245 _aLE DINER EN VILLE
_cMAURIAC .C
942 _2udc
_cBK
999 _c59849
_d59849